000 00751nam a2200253Ia 4500
003 OSt
005 20221005103828.0
006 a|||||r|||| 00| 0
007 ta
008 221004b |||||||| |||| 00| 0 hin d
024 _a31758
037 _cTextual
040 _aCRL
_cCRL
_bhin
041 _2hin
_ahin
082 _aQ1x, 152L7
100 _aलाल, कृष्ण
245 0 _aवैदिक संग्रहः
246 _aVaidik sangrahah
260 _aदिल्ली
_bईस्टर्न बुक लिंकर्स भारत
_c1977
300 _a220पृ.
_ccm.
650 _aधर्म
942 _hQ1x, 152L7
_cTEXL
_2cc
999 _c1011037
_d1011037